| 000 | 00509nam a22001577a 4500 | ||
|---|---|---|---|
| 003 | macl | ||
| 005 | 20241024122117.0 | ||
| 008 | 241024b |||||||| |||| 00| 0 eng d | ||
| 040 | _cmacl | ||
| 082 | _a920/KAL | ||
| 100 |
_aडॉ. ए . पी . जे . अब्दुल कलाम _950043 |
||
| 245 | _aअग्नि की उड़ान | ||
| 260 |
_aनई दिल्ली _bप्रभात पब्लिकैशन _c2024 |
||
| 650 | _aआत्मकथा | ||
| 942 |
_2ddc _cHIN |
||
| 999 |
_c67613 _d67613 |
||